Manual de teoría económica (Registro nro. 3562)

Detalles MARC
000 -LEADER
fixed length control field 01561 a2200253 4500
001 - CONTROL NUMBER
control field 42037
005 - DATE AND TIME OF LATEST TRANSACTION
control field 20260407155711.0
008 - FIXED-LENGTH DATA ELEMENTS--GENERAL INFORMATION
fixed length control field 260407a1968 arg spa d
003 - CONTROL NUMBER IDENTIFIER
control field AR-UNSa-BCEJYS
040 ## - CATALOGING SOURCE
Original cataloging agency AR-UNSa-BCEJYS
Language of cataloging spa
Transcribing agency AR-UNSa-BCEJYS
080 ## - UNIVERSAL DECIMAL CLASSIFICATION NUMBER
Universal Decimal Classification number 330.1
Common auxiliary subdivision Ciencia económica. Conceptos fundamentales de teoría económica. Valor. Capital. Fondos
020 ## - INTERNATIONAL STANDARD BOOK NUMBER
International Standard Book Number 84-03-18125-6
041 ## - LANGUAGE CODE
Language code of text/sound track or separate title spa
100 1# - MAIN ENTRY--PERSONAL NAME
Personal name Leblanc Dasi, Oscar
245 10 - TITLE STATEMENT
Title Manual de teoría económica
250 ## - EDITION STATEMENT
Edition statement 4a. ed.
264 #1 - PRODUCTION, PUBLICATION, DISTRIBUTION, MANUFACTURE, AND COPYRIGHT NOTICE
Place of production, publication, distribution, manufacture Madrid :
Name of producer, publisher, distributor, manufacturer Aguilar
Date of production, publication, distribution, manufacture, or copyright notice 1968
300 ## - PHYSICAL DESCRIPTION
Extent xx, 591 p.
Dimensions 22 cm.
505 ## - FORMATTED CONTENTS NOTE
Formatted contents note 1. Demanda y oferta - 2. La demanda del consumidor - 3. Análisis de las curvas de indiferencia - 4. El equilibrio del consumidor con más de dos bienes - 5. El equilibrio de la empresa - 6. Industria competitiva - 7. Equilibrio competitivo - 8. Monopolio - 9. Competencia monopolística - 10. Las leyes de los rendimientos - 11. La productividad marginal - 12. Salarios - 13. La renta - 14. Interés - 15. Beneficios - 16. Interrelaciones entre los factores de producción - 17. El equilibrio general y el empleo - 18. Dinero - 19. La teoría del empleo - 20. El consumo - 21. La inversión - 22. El tipo de interés - 23. Resumen de la teoría Keynesiana del empleo - 24. Keynes y la economía clásica - 25. Algunos conceptos básicos - 26. Un modelo sencillo de crecimiento - 27. El progreso técnico y la acumulación de capital
590 ## - LOCAL NOTE (RLIN)
Local note niveau_biblio:m niveau_hierar:0
700 1# - ADDED ENTRY--PERSONAL NAME
Personal name Hague, Douglas C.
700 1# - ADDED ENTRY--PERSONAL NAME
Personal name Stonier, Alfred W.
942 ## - ADDED ENTRY ELEMENTS (KOHA)
Koha item type
Existencias
Withdrawn status Lost status Damaged status Not for loan Home library Current library Shelving location Date acquired Total checkouts Full call number Barcode Date last seen Price effective from Koha item type
        Biblioteca Prof. Eusebio Cleto del Rey Biblioteca Prof. Eusebio Cleto del Rey   07/04/2026   330.1 S877 4ed. L26774 07/04/2026 07/04/2026 Libro
        Biblioteca Prof. Eusebio Cleto del Rey Biblioteca Prof. Eusebio Cleto del Rey   07/04/2026   330.1 S877 4ed. L26621 07/04/2026 07/04/2026 Libro
        Biblioteca Prof. Eusebio Cleto del Rey Biblioteca Prof. Eusebio Cleto del Rey   07/04/2026   330.1 S877 4ed. L26619 07/04/2026 07/04/2026 Libro
        Biblioteca Prof. Eusebio Cleto del Rey Biblioteca Prof. Eusebio Cleto del Rey   07/04/2026   330.1 S877 4ed. L26618 07/04/2026 07/04/2026 Libro
        Biblioteca Prof. Eusebio Cleto del Rey Biblioteca Prof. Eusebio Cleto del Rey   07/04/2026   330.1 S877 4ed. L26620 07/04/2026 07/04/2026 Libro
        Biblioteca Prof. Eusebio Cleto del Rey Biblioteca Prof. Eusebio Cleto del Rey   07/04/2026   330.1 S877 4ed. L26616 07/04/2026 07/04/2026 Libro
        Biblioteca Prof. Eusebio Cleto del Rey Biblioteca Prof. Eusebio Cleto del Rey   07/04/2026   330.1 S877 4ed. L26617 07/04/2026 07/04/2026 Libro
        Biblioteca Prof. Eusebio Cleto del Rey Biblioteca Prof. Eusebio Cleto del Rey   07/04/2026   330.1 S877 4ed. L23527 07/04/2026 07/04/2026 Libro
        Biblioteca Prof. Eusebio Cleto del Rey Biblioteca Prof. Eusebio Cleto del Rey   07/04/2026   330.1 S877 4ed. L20822 07/04/2026 07/04/2026 Libro
        Biblioteca Prof. Eusebio Cleto del Rey Biblioteca Prof. Eusebio Cleto del Rey   07/04/2026   330.1 S877 4ed. L23529 07/04/2026 07/04/2026 Libro
        Biblioteca Prof. Eusebio Cleto del Rey Biblioteca Prof. Eusebio Cleto del Rey   07/04/2026   330.1 S877 4ed. L21530 07/04/2026 07/04/2026 Libro
        Biblioteca Prof. Eusebio Cleto del Rey Biblioteca Prof. Eusebio Cleto del Rey   07/04/2026   330.1 S877 4ed. L21532 07/04/2026 07/04/2026 Libro
        Biblioteca Prof. Eusebio Cleto del Rey Biblioteca Prof. Eusebio Cleto del Rey   07/04/2026   330.1 S877 4ed. L21531 07/04/2026 07/04/2026 Libro
        Biblioteca Prof. Eusebio Cleto del Rey Biblioteca Prof. Eusebio Cleto del Rey   07/04/2026   330.1 S877 4ed. L23528 07/04/2026 07/04/2026 Libro